Central Library OPAC University of Rajshahi

অজিত দত্ত : (Record no. 65862)

MARC details
000 -LEADER
fixed length control field 00965nam a2200241 a 4500
001 - CONTROL NUMBER
control field 65862
003 - CONTROL NUMBER IDENTIFIER
rucl marc code BD-RjUL
005 - DATE AND TIME OF LATEST TRANSACTION
control field 20211209081455.0
008 - FIXED-LENGTH DATA ELEMENTS--GENERAL INFORMATION
fixed length control field 170312s1999 ii |||| |||| 000 0 ben d
020 ## - INTERNATIONAL STANDARD BOOK NUMBER
International Standard Book Number 8185325928
Terms of availability : Tk. 100.00
035 ## - SYSTEM CONTROL NUMBER
System control number (BD-RjUL)65992
040 ## - CATALOGING SOURCE
Original cataloging agency BD-RjUL
Language of cataloging ben
Transcribing agency BD-RjUL
Modifying agency BD-RjUL
041 ## - LANGUAGE CODE
Language code of text/sound track or separate title ben
082 ## - DEWEY DECIMAL CLASSIFICATION NUMBER
Edition number 23
Classification number 891.44092
Author mark and year PRA 1999
100 1# - MAIN ENTRY--PERSONAL NAME
Personal name প্রামাণিক, শান্তনু
9 (RLIN) 193069
245 10 - TITLE STATEMENT
Title অজিত দত্ত :
Remainder of title জীবন ও কাব্য /
Statement of responsibility, etc. শান্তনু প্রামাণিক
260 ## - PUBLICATION, DISTRIBUTION, ETC. (IMPRINT)
Place of publication, distribution, etc. কলিকাতা :
Name of publisher, distributor, etc. নবপত্র প্রকাশন,
Date of publication, distribution, etc. ১৯৯৯
300 ## - PHYSICAL DESCRIPTION
Pagination ২৭৩ পৃ. ;
Size ২১ সেমি.
504 ## - BIBLIOGRAPHY, ETC. NOTE
Bibliography, etc গ্রন্থপঞ্জি সংযুক্ত
600 ## - SUBJECT ADDED ENTRY--PERSONAL NAME
Personal name দত্ত, অজিত
Dates associated with a name ১৯০৭-১৯৭৯
General subdivision জীবনী
Personal name Dutta, Ajit
Dates associated with a name 1907-1979
General subdivision Biography
942 ## - ADDED ENTRY ELEMENTS (KOHA)
Source of classification or shelving scheme Dewey Decimal Classification
Koha item type Books
Holdings
Lost status Source of classification or shelving scheme Damaged status Not for loan Collection code Permanent Location Current Location Shelving location Date acquired Source of acquisition Cost, normal purchase price Total Checkouts Full call number Date last seen Copy number Koha item type
  Dewey Decimal Classification   Not For Loan Non-fiction Central Library, University of Rajshahi Central Library, University of Rajshahi Reading Room 09/06/2007 Dhaka, Paragon Enterprises Ltd 100.00   B 891.44092 PRA 1999 12/03/2017 C-1 Books